Environmental chemistry
Uloženo v:
| Hlavní autor: | |
|---|---|
| Médium: | Kniha |
| Jazyk: | angličtina |
| Vydáno: |
Boca Ratón
Lewis
2000
|
| Vydání: | 7a. ed |
| Témata: | |
| Tagy: |
Přidat tag
Žádné tagy, Buďte první, kdo vytvoří štítek k tomuto záznamu!
|
MARC
| LEADER | 00000nam a2200000 a 4500 | ||
|---|---|---|---|
| 001 | UCN0948 | ||
| 003 | CL-VaPUC | ||
| 008 | 010406e20000000US |||||||||||||||||eng|d | ||
| 082 | 0 | 4 | |a 577.14 |b MAN |2 21 |
| 100 | |a Manahan, Stanley E. |e autor |9 553503 | ||
| 245 | 1 | 0 | |a Environmental chemistry |
| 250 | |a 7a. ed | ||
| 300 | |a 898 p | ||
| 942 | |c BK | ||
| 945 | |d 20010406 00:00:00 |a vberengu | ||
| 260 | |a Boca Ratón |b Lewis |c 2000 | ||
| 650 | 7 | |a QUIMICA DEL MEDIO AMBIENTE |2 CL-VaPUC |9 306783 | |
| 650 | 0 | |a Química del agua |9 261152 | |
| 650 | 0 | |a Propiedades del agua |9 354576 | |
| 650 | 0 | |a Tratamiento del agua |9 262889 | |
| 650 | 0 | |a Contaminación del agua |9 261423 | |
| 650 | 7 | |a TOXICOLOGIA |2 CL-VaPUC |9 306970 | |
| 583 | |a last modification |c 20161003 11:33:39 |k Rodrigo Vera | ||
| 999 | |c 294559 |d 294557 | ||
| 952 | |0 0 |1 0 |4 0 |6 577_140000000000000_MAN_2000 |7 0 |8 A |9 347058 |a BIBCUR |b BIBCUR |d 2019-11-20 |i 371036K |o 577.14 MAN 2000 |p 371036K |r 2025-04-22 |w 2019-11-20 |y BK |k QUI | ||